| 000 | 00491nam a22001697a 4500 | ||
|---|---|---|---|
| 003 | BD-DhUL | ||
| 005 | 20200308120347.0 | ||
| 008 | 190114s1941 ii ||||| |||| 00| 0 urd d | ||
| 040 |
_aBD-DhUL _cBD-DhUL |
||
| 082 |
_a891.4308 _bIDZ |
||
| 110 | 2 | _aادارہ نیاادب | |
| 245 | 1 | 0 |
_aزندہ روس / _cادارہ نیاادب |
| 260 |
_aلکھنو : _bادارہ نیاادب، _c۔۱۹۴۱ |
||
| 300 |
_aص۔ ۱۶۰ ؛ _c۲۱ سم۔ |
||
| 650 | 4 | _aUrdu Literature | |
| 942 |
_2ddc _cBK |
||
| 999 |
_c245775 _d245775 |
||